| 000 | 00719cam a2200193 4500 | ||
|---|---|---|---|
| 001 | WB3624-23 | ||
| 008 | 000000n2000 000 0 eng u | ||
| 035 | _a(Sirsi) u106608 | ||
| 245 | _aCash on offer for rural sites | ||
| 260 | _c2000 | ||
| 490 |
_aBuilding Design _v(1445) 16 June 2000, 8(1) |
||
| 520 | _aGrants worth £4m are likely to be given to architects in rural areas to help farmers diversify their businesses. The building grants could be anything up to £62,500 and available from the Department of Environment, Transport & the Regions. | ||
| 590 | _aWB | ||
| 650 | _aRURAL ECONOMY | ||
| 650 | _aREDUNDANT BUILDING GRANT | ||
| 650 | _aBUILDING RESTORATION | ||
| 690 |
_aRURAL _96268 |
||
| 942 | _n0 | ||
| 999 |
_c63834 _d63834 |
||